Τα χρόνια της νεόητός του, ο ηδονικός του βίος
Saved in:
| Main Author: | |
|---|---|
| Format: | Book |
| Language: | Greek |
| Published: |
Αθήνα :
Εμπειρία Εκδοτική,
2004
|
| Series: | Σταθμός στη σύγχρονη λογοτεχνία
|
| Subjects: | |
| Tags: |
Add Tag
No Tags, Be the first to tag this record!
|
MARC
| LEADER | 00000cam a2200000 i 4500 | ||
|---|---|---|---|
| 001 | 1/15749 | ||
| 008 | 111014s2004 gre d | ||
| 020 | |a 960-417-081-3 | ||
| 035 | |l 10111105 | ||
| 040 | |a GR-MY-UA |b gre |e aacr | ||
| 041 | 0 | |a gre | |
| 082 | 0 | |a 889.91 |2 (22) | |
| 100 | 1 | |a Κουμούτση, Πέρσα. | |
| 245 | 1 | 3 | |a Τα χρόνια της νεόητός του, ο ηδονικός του βίος / |c Πέρσα Κουμούτση |
| 260 | |a Αθήνα : |b Εμπειρία Εκδοτική, |c 2004 | ||
| 300 | |a 254 σ.; |c 20 εκ. | ||
| 490 | 1 | |a Σταθμός στη σύγχρονη λογοτεχνία | |
| 650 | 0 | 0 | |a Greek fiction, Modern |y 21st century. |
| 830 | 0 | |a Σταθμός στη σύγχρονη λογοτεχνία | |
| 852 | |a INST |b RHODES |e 20111014 |h 889.91 ΚΟΥ |p 005400033735 |q 005400033735 |t BK |y 0 | ||
| 901 | |a BIBL4-2011-3 | ||
| 909 | |a Ρ |b 170382 | ||
| 970 | |z 2011/05/ | ||